Weaving it together : (Record no. 18399)
[ view plain ]
| 000 -LEADER | |
|---|---|
| fixed length control field | 01361nam a22003497a 4500 |
| 003 - CONTROL NUMBER IDENTIFIER | |
| control field | EG-ScBUE |
| 005 - DATE AND TIME OF LATEST TRANSACTION | |
| control field | 20220612101617.0 |
| 008 - FIXED-LENGTH DATA ELEMENTS--GENERAL INFORMATION | |
| fixed length control field | 140922t2010 mau f d 000 0 eng d |
| 020 ## - INTERNATIONAL STANDARD BOOK NUMBER | |
| International Standard Book Number | 9781111002381 |
| 020 ## - INTERNATIONAL STANDARD BOOK NUMBER | |
| International Standard Book Number | 111100238X |
| 040 ## - CATALOGING SOURCE | |
| Original cataloging agency | EG-ScBUE |
| Language of cataloging | eng |
| Description conventions | rda |
| Transcribing agency | EG-ScBUE |
| Modifying agency | EG-ScBUE |
| 082 04 - DEWEY DECIMAL CLASSIFICATION NUMBER | |
| Edition number | 22 |
| Classification number | 428.24 |
| Item number | BRO |
| 100 1# - MAIN ENTRY--PERSONAL NAME | |
| 9 (RLIN) | 36091 |
| Personal name | Broukal, Milada, |
| Relator term | author. |
| 245 10 - TITLE STATEMENT | |
| Title | Weaving it together : |
| Remainder of title | connecting reading and writing : instructor's manual book 3 and 4 : teaching hints answer key writing handbook / |
| Statement of responsibility, etc | Milada Broukal, John Chapman, Patricia Brenner. |
| 246 34 - VARYING FORM OF TITLE | |
| Title proper/short title | Weaving it together 3 & 4 : |
| Remainder of title | connecting reading and writing : instructor's manual |
| 246 30 - VARYING FORM OF TITLE | |
| Title proper/short title | Weaving it together 3 and 4 : |
| Remainder of title | connecting reading and writing : instructor's manual |
| 250 ## - EDITION STATEMENT | |
| Edition statement | Third edition. |
| 264 #1 - PUBLICATION, DISTRIBUTION, ETC. (IMPRINT) | |
| Place of publication, distribution, etc | Boston, MA : |
| Name of publisher, distributor, etc | Heinle, Cengage Learning, |
| Date of publication, distribution, etc | [2010] |
| 264 #4 - PUBLICATION, DISTRIBUTION, ETC. (IMPRINT) | |
| Date of publication, distribution, etc | c2010 |
| 300 ## - PHYSICAL DESCRIPTION | |
| Extent | 127 pages ; |
| Dimensions | 28 cm |
| 336 ## - CONTENT TYPE | |
| Source | rdacontent |
| Content type term | text |
| Content type code | txt |
| 337 ## - MEDIA TYPE | |
| Source | rdamedia |
| Media type term | unmediated |
| Media type code | n |
| 338 ## - CARRIER TYPE | |
| Source | rdacarrier |
| Carrier type term | volume |
| Carrier type code | nc |
| 500 ## - GENERAL NOTE | |
| General note | Includes glossary.<br/> |
| 650 #7 - SUBJECT ADDED ENTRY--TOPICAL TERM | |
| Topical term or geographic name as entry element | English language |
| Form subdivision | Textbooks for foreign speakers. |
| Source of heading or term | BUEsh |
| 651 ## - SUBJECT ADDED ENTRY--GEOGRAPHIC NAME | |
| Source of heading or term | BUEsh |
| 653 ## - INDEX TERM--UNCONTROLLED | |
| Arrived date list | September2014 |
| Resource For college | Humanities: English |
| 655 ## - INDEX TERM--GENRE/FORM | |
| Form subdivision | Reading book |
| 9 (RLIN) | 34232 |
| 700 1# - ADDED ENTRY--PERSONAL NAME | |
| Personal name | Chapman, John, |
| Relator term | author. |
| 9 (RLIN) | 36097 |
| 700 1# - ADDED ENTRY--PERSONAL NAME | |
| Personal name | Brenner, Patricia, |
| Relator term | author. |
| 9 (RLIN) | 36098 |
| 942 ## - ADDED ENTRY ELEMENTS (KOHA) | |
| Source of classification or shelving scheme | Dewey Decimal Classification |
| Call number prefix | 428.24 BRO |
| Koha item type | Book - Borrowing |
| Withdrawn status | Lost status | Source of classification or shelving scheme | Damaged status | Not for loan | Collection code | Home library | Current library | Shelving location | Date acquired | Source of acquisition | Cost, normal purchase price | Total Checkouts | Full call number | Barcode | Date last seen | Cost, replacement price | Koha item type | Total Renewals | Date checked out | Checked out |
|---|---|---|---|---|---|---|---|---|---|---|---|---|---|---|---|---|---|---|---|---|
| Dewey Decimal Classification | Baccah | Central Library | Central Library | Second Floor | 23/09/2014 | Purchase | 380.00 | 428.24 BRO TR | 000036288 | 15/07/2025 | 475.00 | Book - Teacher Resource | ||||||||
| Dewey Decimal Classification | Baccah | Central Library | Central Library | Second Floor | 23/09/2014 | Purchase | 380.00 | 3 | 428.24 BRO TR | 000036289 | 15/07/2025 | 475.00 | Book - Teacher Resource | 28 | 08/11/2021 | |||||
| Dewey Decimal Classification | Baccah | Central Library | Central Library | Second Floor | 23/09/2014 | Purchase | 380.00 | 2 | 428.24 BRO TR | 000036290 | 21/09/2015 | 475.00 | Book - Teacher Resource | 2 | 21/09/2015 | 14/02/2016 | ||||
| Dewey Decimal Classification | Baccah | Central Library | Central Library | Second Floor | 23/09/2014 | Purchase | 380.00 | 2 | 428.24 BRO TR | 000036291 | 26/11/2014 | 475.00 | Book - Teacher Resource | 2 | 26/11/2014 | 16/03/2016 | ||||
| Dewey Decimal Classification | Baccah | Central Library | Central Library | Second Floor | 23/09/2014 | Purchase | 380.00 | 428.24 BRO TR | 000036292 | 15/07/2025 | 475.00 | Book - Teacher Resource |